000 01239nam0a22002651 4500
001 rc\4982014
005 20260408024941.0
021 _aRU
_b[61-87080]
035 _a(NLR Aleph) 008982400
090 _a9194220
_c9194220
100 _a20130430d1961 |||y0rusy50 ca
101 0 _arus
102 _aRU
105 _ay c |||||
200 1 _aРуководящие указания по повышению коэффициента мощности в установках потребителей электрической энергии
_eУтв. 7/II 1961 г.
_fСоюзглавэнерго при Госплане СССР. Гос. инспекция по промэнергетике и энергонадзору
210 _aМосква
_aЛенинград
_cГосэнергоиздат
_d1961
215 _a[1], 20 с.
_d20
606 _aЭлектрические установки промпредприятий
_xКоэффициент мощности
_2psbo
712 0 1 _4570
_aСССР
_bГлавное энергетическое управление
_3RU\NLR\AUTH\8810185982
_9866880
801 0 _aRU
_bNLR
_gpsbo
801 1 _aRU
_bELAR
_2rusmarc
852 _aNLR
_j62-4/1107
942 _cBOOK
980 _aNB